00677nam a2200181 i 4500001000700000003000900007005001700016007000300033008004100036100004700077245005100124260005600175300004000231600006300271852002100334999001900355952012100374120181ES-MaACL20251012063049.0t|070214s1952 sp a |||| |bspa d1 aPérez Vidal, José, d1907-1990916093410aGaldós en Canarias / cJosé Pérez Vidal. aMadrid : b[s.n.], c1952 (fTall. de E. Giménez) a146 p., 3 lám. : bil. ; c20 cm.14aPérez Galdós, Benito,d1843-1920-xBiografías990874 aES-MaACLjD-8193 c120181d120181 00104070aATENEOMbATENEOMcSVId2008-01-17eSCl0oD-8193p901125270r2023-02-23 00:00:00w2023-02-23yMONOGRAFIA